Diseño del sistema de análisis de peligros y de puntos críticos de control APPCC para la empresa Kola Shaler Industrial S. A

El presente trabajo consiste en el diseño del sistema APPCC para la empresa Kola Shaler, en el que se realizó una evaluación cuantitativa del cumplimiento de las BPM, cuyo manual está elaborado y se ejecutan las actividades. A la vez se elaboró el manual de los POES y se evaluó cuantitativamen...

Full description

Bibliographic Details
Main Authors: Hanón, Karen, Jirón, Saudi
Other Authors: Tutor: Chavarría Carrión, Leonardo
Format: Tesis Section = Libro
Language:Undetermined
Spanish
Published: Managua UNI 2011
Subjects:
LEADER 01689nam a2200289Ia 4500
008 240830s9999 xx 000 0 und d
040 |a BIBLIOTECA-RUSB/ M.Mon 664.07 H247 
041 |a spa 
082 |a M.Mon 664.07 H247 
100 1 |a Hanón, Karen 
100 1 |b Jirón, Saudi 
245 1 0 |a Diseño del sistema de análisis de peligros y de puntos críticos de control APPCC para la empresa Kola Shaler Industrial S. A 
260 |a Managua  |b UNI  |c 2011 
300 |a 124 p. :il. 
500 |a Contiene: anexos y CD. 
502 |a Tesis (Master en Procesamiento de Alimentos) - UNI, 2011. 
520 3 |a El presente trabajo consiste en el diseño del sistema APPCC para la empresa Kola Shaler, en el que se realizó una evaluación cuantitativa del cumplimiento de las BPM, cuyo manual está elaborado y se ejecutan las actividades. A la vez se elaboró el manual de los POES y se evaluó cuantitativamente el cumplimiento de los mismo. En cuanto al diseño del sistema se propuso el personal para la conformación del equipo de APPCC, se identificaron los posibles peligros en las diferentes etapas del proceso y los puntos críticos de control (PCC) y los limites críticos de control (LCC). Además, se verifico el sistema establecido (monitoreo) y se establecieron las medidas correctoras de documentación y registro. 
650 7 |a ANALISIS DE PELIGROS Y PUNTOS CRITICOS DE CONTROL 
650 7 |b  CONTROL DE CALIDAD 
650 7 |c  INOCUIDAD ALIMENTARIA  
650 7 |d  INDUSTRIA ALIMENTICIA 
650 7 |e  BEBIDAS—ANALISIS. 
650 7 |f  KOLA SHALER. 
700 1 |a Tutor:  |b Chavarría Carrión, Leonardo 
942 |c BK  |2 ddc 
991 |a TESIS 
999 |c 27512